000
00266nam a22001337a 4500
020
_a
45245
041
_a
ENG
100
_a
Maharast shasan
245
_a
Maharastlok seva aayog
260
_a
mumbai
_b
mumbai
_c
1999
300
_a
47
650
_a
GAE
856
_u
GAE
999
_c
352
_d
352